01083cam8a220030100 4500001001200000008004100012010002300053020001500076035001900091035002800110035002200138040000900160050001700169060001900186082000800205100005800213245009500271260003100366504002900397650002600426650002600452700008400478700014100562949003800703004000600741987001500747999001900762lce00767760720915s1973 nyua b 000 0 eng  a 72008781 //r862 a0471531553 a(Sirsi) r45256 a(DLC) 72008781 //r862 a(UPRA)lce00767760 dUPRA0 aQR41.2b.L48 aQW4 L668i 1973 a5761 aLevy, Julia G., 1934-dLevy, Julia G., 1934-6A2916.110aIntroductory microbiology /c[by] Julia Levy, Jack J.R. Campbell [and] T. Henry Blackburn. aNew York :bWiley,c[1973] aIncludes bibliographies. 0aMicrobiology.6S210.1 2aMicrobiology.6S210.11 aCampbell, Jack James Ramsay, 1918-dCampbell, Jack James Ramsay, 1918-6A2917.11 aBlackburn, T. Henry (Thomas Henry), 1933-qBlackburn, T. Henry (Thomas Henry), 1933-dBlackburn, T. Henry (Thomas Henry), 1933-6A2918.1 aQR41.2wlccmMAINtBOOKlON-SHELF45256 aWITHDRAWN. c164666d164666